000 00668nam a2200241Ia 4500
003 OSt
005 20220930193303.0
006 a|||||r|||| 00| 0
007 ta
008 urd
024 _a11315
037 _cDissertations
040 _aCRL
_cCRL
_burd
041 _2urd
_aurd
100 _aNarahari T.
_9562149
110 _aUniversity of Osmania. Faculty of Arts. Department of Urdu
_9523863
245 0 _aRaja Rajesjwar Rao Asghar
_b Hayat-O-Adabi khidmat
260 _c1976
650 _aURDU LANGUAGE
700 _aUniversity of Osmania. Faculty of Arts. Department of Urdu
_9523864
942 _cDIS
_2CC
999 _c896298
_d896298